Statistics for RWC Host Cities - most matches

Click here to take the quiz!

General Stats

  • This quiz has been taken 11 times
  • The average score is 10 of 14

Answer Stats

HintAnswer% Correct
20Auckland
91%
27London
91%
18Sydney
91%
14Brisbane
82%
7Melbourne
82%
7Paris
82%
7Tokyo
82%
12Wellington
82%
23Cardiff
64%
7Dunedin
64%
13Edinburgh
64%
9Dublin
45%
7Toulouse
36%
7St Denis
9%

Score Distribution

Percentile by Number Answered

Percent of People with Each Score

Your Score History

You have not taken this quiz